[Event "ROU-chT Men Superliga 2018"]
[Site "Sovata"]
[Date "2018.11.30"]
[Round "7"]
[White "Shevchenko, Kirill"]
[Black "Parligras, Mircea-Emilian"]
[Result "1/2-1/2"]
[WhiteElo "2549"]
[BlackElo "2645"]
[Annotator "TA"]
[PlyCount "80"]
[EventDate "2018.11.24"]
[EventType "team-tourn"]
[EventCountry "ROU"]
[SourceTitle "playchess.com"]
[Source "ChessBase"]
[SourceQuality "1"]

{[%evp 13,80,2,0,-30,14,-7,-7,-9,-9,0,0,0,0,0,0,0,0,-19,-11,-55,-5,-11,-2,-8,0,0,0,0,0,0,0,0,20,7,17,-37,-33,-47,-33,-81,-78,-116,-122,-126,-126,-128,-126,-135,-129,-179,-168,-276,-276,-259,0,0,0,0,0,0,0,0,0,0,0,0,0,0,0]} 1. d4 Nf6 2. c4 e6 3. Nf3 {[%cal Bg1f3,Bf3d4,Bd4b5,Bb5d6][%mdl 32]} d5 4. Bg5 dxc4 5. e4 c5 6. Nc3 {D30: Queen's Gambit Declined: Systems without Nc3} cxd4 7. Nxd4 Bc5 {LiveBook: 3 Games} 8. Be3 $146 ({Predecessor:} 8. Ndb5 Qb6 9. e5 Nd5 10. Bxc4 Bxf2+ 11. Kf1 O-O 12. Bxd5 exd5 13. Qe2 Bc5 14. Nxd5 Qg6 15. Be7 Bg4 16. Qd2 Qf5+ 17. Qf4 Qd3+ {0-1 (17) Sumets,A (2604)-Fingerov,D (2393) Odessa 2009}) 8... e5 9. Ndb5 (9. Nf5 {feels hotter.} Qxd1+ 10. Rxd1 Bxf5 11. Bxc5 Nxe4 12. Nxe4 Bxe4 13. Bxc4 Nd7 14. Bxf7+ Kxf7 15. Rxd7+ Kg6 16. f3) 9... Bxe3 10. fxe3 Be6 11. Bxc4 Qxd1+ 12. Rxd1 {[#] Hoping for Nc7+.} Bxc4 13. Nd6+ Ke7 $1 {And now ...Be6 would win.} 14. Nxc4 Nbd7 15. Nd6 Rhd8 16. b4 (16. Ke2 {seems wilder.} Nc5 17. Nf5+ Kf8 18. Nd6 Rd7 19. Rd2) 16... Nb6 17. Nxb7 Rxd1+ 18. Kxd1 Nc4 19. Ke2 Rb8 20. Na5 Nxa5 21. bxa5 $11 {[%mdl 4096] Endgame KRN-KRN} Kd6 22. Rd1+ Kc6 23. Rd2 Rb4 24. Nd5 (24. Rd8 $11) 24... Nxd5 $15 25. exd5+ {KR-KR} Kd6 26. Rc2 f5 27. Kf3 g5 {[%cal Bg7g5,Bg5g4][%mdl 32]} ({But not} 27... Kxd5 $6 28. Rc7 $11) 28. Rc6+ Kxd5 29. Rc7 g4+ 30. Kg3 Ke4 31. Rxh7 Kxe3 32. Rf7 ({Don't go for} 32. Rxa7 $2 f4+ 33. Kh4 f3 $19) 32... f4+ 33. Kxg4 {[#]} f3+ $2 (33... Kf2 $1 $19 {[%cal Rf2g2]} 34. Kh3 Ra4) 34. Kg3 $11 {The position is equal.} Rf4 35. Rb7 $1 {[%cal Rb7b3] Rb3+ is the strong threat.} f2 36. Rb3+ Ke2 (36... Kd2 $5 37. Rb2+ $8 Ke1 38. Rb1+ Ke2 39. Rb2+ Kf1 40. Rb1+ Ke2 41. Rb2+ Kf1 42. Rb1+ Ke2 $11) 37. Rb2+ Ke3 38. Rb3+ Kd2 (38... Ke2 $5 39. Rb2+ $8 Kf1 40. Rb1+ Ke2 41. Rb2+ $11) 39. Rb2+ Ke1 (39... Ke3 $5 40. Rb3+ $8 $11) 40. Rb1+ Ke2 {Precision: White = 52%, Black = 71%.} (40... Kd2 $5 41. Rb2+ $8 Ke1 42. Rb1+ Kd2 43. Rb2+ $11) 1/2-1/2

[Event "ROU-chT Men Superliga 2018"]
[Site "Sovata"]
[Date "2018.11.30"]
[Round "7"]
[White "Rogozenco, Dorian"]
[Black "Berkes, Ferenc"]
[Result "1/2-1/2"]
[WhiteElo "2495"]
[BlackElo "2661"]
[Annotator "TA"]
[PlyCount "41"]
[EventDate "2018.11.24"]
[EventType "team-tourn"]
[EventCountry "ROU"]
[SourceTitle "playchess.com"]
[Source "ChessBase"]
[SourceQuality "1"]

{[%evp 24,25,0,-9]} 1. d4 Nf6 2. c4 b6 3. Nc3 Bb7 4. Nf3 {[%cal Bg1f3,Bf3e1,Be1g2,Bg2f4][%mdl 32]} Ne4 5. Nxe4 Bxe4 6. g3 e6 7. Bg2 Be7 8. O-O O-O 9. Ne1 Bxg2 10. Nxg2 d5 11. cxd5 Qxd5 12. Nf4 Qb7 13. Be3 {[#] LiveBook: 13 Games. E18: Queen's Indian: Old Main Line (4 g3 Bb7 5 Bg2 Be7 6 0-0 0-0 7 Nc3)} {Predecessor:} Rd8 $146 14. Qa4 Nd7 15. Rac1 c5 16. dxc5 Nxc5 17. Bxc5 Bxc5 18. Nd3 Bd6 19. Rc6 Rac8 20. Rfc1 Rxc6 21. Rxc6 {½-½ (68) Rasmussen,A (2526)-Salgado Lopez,I (2628) Caleta 2015} 1/2-1/2

[Event "ROU-chT Men Superliga 2018"]
[Site "Sovata"]
[Date "2018.11.30"]
[Round "7"]
[White "Grigore, George-Gabriel"]
[Black "Cioara, Andrei-Nestor"]
[Result "1/2-1/2"]
[WhiteElo "2488"]
[BlackElo "2427"]
[Annotator "TA"]
[PlyCount "64"]
[EventDate "2018.11.24"]
[EventType "team-tourn"]
[EventCountry "ROU"]
[SourceTitle "playchess.com"]
[Source "ChessBase"]
[SourceQuality "1"]

{[%evp 26,64,22,19,25,12,20,-6,0,-6,0,-11,0,13,48,52,48,77,50,23,16,16,18,17,23,12,18,19,9,0,29,21,21,0,0,0,0,0,0,0,0]} 1. d4 Nf6 2. c4 e6 3. Nc3 Bb4 4. Qc2 d5 5. cxd5 exd5 6. Bg5 {[%cal Bc1g5,Bg5h4,Bh4g3][%mdl 32]} h6 7. Bh4 c5 8. dxc5 g5 9. Bg3 Ne4 10. e3 {[%cal Be2e3,Be3e4][%mdl 32] E35: Nimzo-Indian: Classical: 4...d5 5 cxd5 exd5} Qa5 11. Be5 (11. Nge2 Bf5 12. Bxb8 Rxb8 13. Nd4 Bd7 14. Nb3 Bxc3+ 15. bxc3 Qxc3+ 16. Qxc3 Nxc3 17. Bd3 Ke7 {½-½ (37) Duda,J (2739)-Karjakin,S (2760) Batumi 2018}) 11... O-O 12. Bd3 Nc6 13. Bxe4 Nxe5 14. Bxd5 {LiveBook: 8 Games} Bf5 15. e4 Qxc5 16. O-O-O Bxc3 17. exf5 $146 ({Predecessor:} 17. bxc3 Be6 {0-1 (26) Arngrimsson,D (2384)-Tesik,C (2369) Budapest 2012}) 17... Rfd8 18. Qxc3 Rac8 19. Bxf7+ $1 Kxf7 (19... Nxf7 {seems wilder.} 20. Rxd8+ Nxd8 21. g4 Qxc3+ 22. bxc3 Rxc3+ 23. Kb1 Kg7) 20. Rxd8 Qxc3+ 21. bxc3 Rxd8 $11 {[%mdl 4096] Endgame KRN-KRN} 22. Ne2 Nd3+ $1 23. Kc2 Nxf2 24. Rb1 b6 25. h3 Rd5 26. Nd4 Ra5 27. Kb3 Ne4 {[#] ...Nd2+ is the strong threat.} 28. Rb2 Rc5 {The position is equal.} 29. Rc2 Ng3 $1 30. Rf2 Ne4 31. Rc2 Ng3 $1 32. Rf2 Ne4 {Accuracy: White = 53%, Black = 93%.} 1/2-1/2

[Event "ROU-chT Men Superliga 2018"]
[Site "Sovata"]
[Date "2018.11.30"]
[Round "7"]
[White "Costachi, Mihnea"]
[Black "Vasiesiu, Victor"]
[Result "1-0"]
[WhiteElo "2484"]
[BlackElo "2270"]
[Annotator "TA"]
[PlyCount "71"]
[EventDate "2018.11.24"]
[EventType "team-tourn"]
[EventCountry "ROU"]
[SourceTitle "playchess.com"]
[Source "ChessBase"]
[SourceQuality "1"]

{[%evp 19,71,35,35,39,26,23,33,36,45,42,53,12,11,17,18,0,0,0,19,28,33,41,100,96,149,149,279,263,307,306,354,363,319,330,467,464,539,535,535,531,523,521,632,596,596,589,1181,1176,1156,1127,1236,1305,1262,1236]} 1. Nf3 Nf6 2. g3 g6 3. b3 Bg7 4. Bb2 O-O 5. Bg2 d5 6. c4 c6 7. O-O a5 8. d3 Na6 9. Nbd2 {A11: English Opening: 1...c6} a4 10. cxd5 cxd5 {LiveBook: 3 Games} 11. bxa4 {White is slightly better.} Nc5 12. Bd4 Nxa4 13. Qb3 {[#]} b6 $146 ({Predecessor:} 13... Qa5 14. Rfc1 Nd7 15. Bxg7 Kxg7 16. Qa3 e6 {½-½ (35) Akopian,V (2605)-Alterman,B (2515) Beersheba 1992}) 14. Rab1 Nc5 15. Qxb6 Qxb6 16. Rxb6 Ne6 17. Rb2 Nxd4 18. Nxd4 Ng4 19. N2b3 Ra4 20. e3 e5 ({Black should play} 20... e6 $14) 21. Nc6 $16 e4 (21... d4 $142) 22. d4 $36 {[%mdl 2048] Black is under strong pressure.} Ba6 (22... Re8 $16 {was called for.}) 23. Nc5 Bxf1 24. Nxa4 ({Weaker is} 24. Bxf1 Raa8 $16) 24... Bd3 25. Nb6 f5 26. a4 ({Don't do} 26. Nxd5 Nf6 $18) 26... g5 (26... Nf6 $142 27. Bf1 Rf7) 27. Nxd5 $18 {White is clearly winning.} f4 28. gxf4 gxf4 29. Nxf4 Bh6 30. Nd5 Kg7 31. h3 Nf6 32. Rb7+ Rf7 33. Rxf7+ Kxf7 34. Ne5+ Kg7 35. Nxf6 Kxf6 36. Ng4+ {Accuracy: White = 78%, Black = 34%.} 1-0

[Event "ROU-chT Men Superliga 2018"]
[Site "Sovata"]
[Date "2018.11.30"]
[Round "7"]
[White "Gavrilescu, David"]
[Black "Toma, Radu-Cristian"]
[Result "1-0"]
[WhiteElo "2481"]
[BlackElo "2354"]
[Annotator "TA"]
[PlyCount "189"]
[EventDate "2018.11.24"]
[EventType "team-tourn"]
[EventCountry "ROU"]
[SourceTitle "playchess.com"]
[Source "ChessBase"]
[SourceQuality "1"]

{[%evp 17,189,32,37,31,36,23,29,20,40,31,39,33,53,30,54,0,0,0,0,0,0,0,0,0,0,0,0,0,0,0,22,0,56,22,77,82,98,33,40,33,70,60,58,60,97,27,31,37,30,29,52,46,52,39,69,70,64,64,72,70,63,79,64,37,38,48,33,31,31,30,29,29,32,8,135,16,16,0,0,0,0,0,0,-238,-237,-222,0,-2,-8,-8,-8,-8,-5,-4,-5,-5,-5,-8,-8,-8,-8,-12,0,0,0,-11,-8,-8,8,8,12,12,14,8,8,8,14,8,14,8,8,8,8,8,8,1,10,8,68,0,28,27,76,4,4,4,35,35,88,4,406,359,802,414,796,568,83,76,29947,29951,2025,49,59,11,11,4,85,77,122,131,123,0,8,0,129,133,3477,1609,29972,29973,29983,29976,29965,29973]} 1. e4 c6 2. d4 d5 3. exd5 cxd5 4. Nf3 Nc6 5. Ne5 Nf6 6. c3 {B13: Caro-Kann: Exchange Variation and Panov-Botvinnik Attack} g6 (6... a6 7. Bd3 g6 8. O-O Bg7 9. Re1 O-O 10. Nd2 Nxe5 11. dxe5 Nd7 12. Nf3 Nc5 13. Nd4 Bg4 {0-1 (46) Kramnik,V (2792)-Caruana,F (2816) Paris 2018}) 7. Bb5 Bd7 8. Nxd7 Qxd7 9. O-O Bg7 {LiveBook: 7 Games} 10. Re1 O-O 11. Nd2 a6 $146 ({Predecessor:} 11... e6) 12. Bd3 e6 13. Nf3 Qc7 14. g3 b5 {[%cal Bb7b5,Bb5b4][%mdl 32]} 15. Qe2 b4 16. Bxa6 (16. Bf4 $14 Qa5 17. Rec1) 16... Ne4 $11 17. Bd3 bxc3 18. Bxe4 dxe4 19. Qxe4 cxb2 20. Bxb2 Nb4 21. a4 Qc2 22. Re2 Qxe4 23. Rxe4 Rfb8 24. Bc3 Nd5 (24... Nc2 $11 25. Ra2 Nb4 26. Bxb4 Rxb4) 25. Be1 Rb3 (25... Nb4 $11 {remains equal.}) 26. Kg2 $16 Nb4 27. Re2 (27. a5 $1 $16) 27... Nc6 $1 $14 28. Re3 Rb7 29. Rd3 Rd7 30. Rc1 Ne7 31. Ra3 (31. a5 $16) 31... Bxd4 $11 32. Nxd4 Rxd4 33. a5 Ra6 34. Rc7 Nd5 35. Rb7 Rd1 36. Kf1 Rc1 37. Ke2 Kg7 38. Rf3 Rc7 39. Rxc7 Nxc7 $14 {[%mdl 4096] Endgame KRB-KRN} 40. Bc3+ Kf8 41. Bd2 Nd5 42. Rb3 Ra7 43. Rb8+ Ke7 44. g4 f5 45. g5 Rd7 (45... e5 $11 {keeps the balance.}) 46. f4 ({Better is} 46. a6 $16 Kd6 47. Be3 Nxe3 48. Rb6+ Kc5 49. Rb7) 46... Kd6 $11 47. Kd3 Kc7 48. Rb2 Nxf4+ 49. Kc4 Nd3 50. Rc2 $2 (50. Rb5 $11 {and White stays safe.}) 50... Kb7 $1 $19 51. Be3 f4 $2 {[#]} (51... Ka6 $19 52. Rc3 Ne5+ 53. Kb3 Rd3 54. Rxd3 Nxd3) 52. a6+ $1 {[%mdl 576] Decoy} Kxa6 53. Ra2+ Kb7 54. Ra7+ Kc8 55. Ra8+ $1 Kc7 56. Bd4 $1 {And now Ra7+ would win.} Ne1 57. Be5+ Kb7 58. Rb8+ Ka7 59. Bxf4 Nf3 60. Rf8 {Threatens to win with Be3+.} Nh4 61. Kc5 {Black must now prevent Kc6.} Nf5 62. Kc6 Rb7 (62... Rd5 {feels hotter.} 63. Rf7+ Ka6 64. Rxh7 Nd4+ 65. Kc7 Kb5) 63. Be5 Rb6+ 64. Kd7 Ka6 65. Bc7 Rb4 66. Kxe6 Rh4 67. Rb8 Nd4+ 68. Kf6 Nf3 69. Rb6+ Ka7 70. Rb2 Rg4 71. Rb5 Rg2 72. h3 Ka6 ({Black should try} 72... Rg1 $11) 73. Ra5+ Kb7 74. Bf4 Ng1 75. Ra3 (75. Be3 $1 $16 Nxh3 76. Ra7+ Kc6 77. Rxh7) 75... Rf2 $11 76. Ke5 Ne2 77. Be3 Rf3 ({Black should play} 77... Rf1 $14) 78. Bc5 (78. Kd5 $1 $16) 78... Rf5+ $2 {[%mdl 8192]} (78... Nc3 $11 {and Black has nothing to worry.} 79. Rb3+ Kc6) 79. Kd6 $18 Rxg5 $2 (79... Rf1 80. Ra7+ Kb8) 80. Ra7+ Kb8 (80... Kc8 $142 81. Kc6 (81. Rxh7 Nf4 $11) 81... Rxc5+ 82. Kxc5 h6) 81. Rxh7 Rh5 82. Re7 $1 {[%cal Re7e2]} Nc3 $2 {[%mdl 8192]} (82... Nf4 $16) 83. Kc6 {[%cal Re7e8]} Rh8 84. Rb7+ $2 ({Only move:} 84. Bd6+ $18 Ka8 85. Re5) 84... Ka8 $1 $14 85. Ra7+ Kb8 86. Rc7 {Strongly threatening Ba7+.} Ne4 (86... g5 $11) 87. Bd4 Rd8 {[#]} 88. Rb7+ $1 Ka8 89. Ra7+ (89. Be5 $16 {White threatens Rb5 and mate.} Nc5 90. Re7 Rc8+ 91. Kb5) 89... Kb8 $11 {Hoping for ...Rd6+.} 90. Rb7+ (90. Rd7 $11 Rxd7 91. Kxd7) 90... Ka8 $16 {[#]} 91. Be5 $1 {Threatening mate with Rb5.} Re8 $2 {[%mdl 8192]} (91... Nc5 $16 92. Rg7 Re8) 92. Rb5 $18 {[%cal Rb5a5]} Re7 93. Bd4 {White mates.} Nd2 94. Ra5+ Kb8 95. Be5+ {Accuracy: White = 49%, Black = 35%.} 1-0

[Event "ROU-chT Men Superliga 2018"]
[Site "Sovata"]
[Date "2018.11.30"]
[Round "7"]
[White "Berescu, Alin-Mile"]
[Black "Svetushkin, Dmitry"]
[Result "0-1"]
[WhiteElo "2450"]
[BlackElo "2605"]
[Annotator "TA"]
[PlyCount "84"]
[EventDate "2018.11.24"]
[EventType "team-tourn"]
[EventCountry "ROU"]
[SourceTitle "playchess.com"]
[Source "ChessBase"]
[SourceQuality "1"]

{[%evp 9,84,33,72,39,39,39,41,37,45,45,45,45,46,45,56,47,62,43,42,41,45,22,35,17,25,11,21,6,17,18,34,34,34,33,35,35,60,0,1,0,0,0,0,0,33,53,258,94,225,218,250,256,241,225,206,235,221,133,152,138,321,285,287,242,467,453,531,-568,-556,-29970,-29973,-5193,0,0,0,-498,-465]} 1. e4 e5 2. Nf3 Nc6 3. Bc4 Bc5 4. d3 h6 5. c3 Qf6 (5... Nf6 6. O-O d6 7. a4 a6 8. Nbd2 Ba7 9. Re1 g5 10. Nf1 g4 11. N3d2 h5 12. Ne3 h4 13. Ndf1 Rg8 14. b4 Be6 15. Bxe6 fxe6 {1-0 (37) Demchenko,A (2672)-Bologan,V (2600) Batumi 2018}) 6. b4 {C50: Hungarian Defence and Giuoco Pianissimo} (6. d4 $5 Bb6 7. O-O $11) 6... Bb6 7. a4 {[#] Black must now prevent a5.} a6 8. Be3 {White is slightly better.} Ba7 9. Bxa7 $146 ({Predecessor:} 9. O-O Nge7 10. d4 d6 11. b5 Nb8 12. Ne1 Ng6 13. f4 exf4 {1-0 (52) Kovacic,P (2182)-Crepan,M (2275) Bled 2002}) 9... Rxa7 10. Nbd2 {[%cal Bb1d2,Bd2f1,Bf1e3][%mdl 32]} Nge7 11. Nf1 Ng6 12. Ne3 d6 13. h4 O-O 14. g3 Be6 15. O-O Nge7 16. Kg2 Qg6 17. Qb3 Nd8 18. Nd2 c6 19. d4 {[%cal Bd3d4,Bd4d5][%mdl 32]} b5 20. axb5 cxb5 21. Bxe6 Nxe6 22. d5 $36 {[%mdl 2048] White has good play.} Nf4+ 23. Kh2 f5 $1 24. Qc2 fxe4 $1 25. Qxe4 ({But not} 25. gxf4 Rxf4 26. Ng2 Rg4 $19) 25... Qh5 26. f3 Neg6 {Strongly threatening ...Nxh4!} 27. Ng2 Nxh4 $2 (27... Nxg2 $14 28. Kxg2 Ne7) 28. gxh4 $2 (28. Nxh4 $18 {and the rest is easy. aiming for c4.} g5 29. Ra2) 28... Nxg2 (28... Rc7 $16) 29. Kxg2 $18 Rf4 30. Qd3 Raf7 31. Rae1 Rxh4 {( -> ...Qg5+)} 32. Rh1 Rff4 {intending ...e4.} 33. Rxh4 Rxh4 {[#]} 34. Nf1 $1 Qg5+ $2 (34... Rh1 $16 35. Qe3 Rh4) 35. Ng3 Rf4 36. Rh1 g6 $2 (36... Rf6 37. Kf2 Rg6) 37. Kf2 h5 38. Nxh5 $4 {[%mdl 8192]} (38. Ne4 $18 {and life is good for White.} Qe7 39. Ra1) 38... e4 $1 $19 {[%cal Re4d3]} ({Avoid the trap} 38... gxh5 $2 39. Rg1 $18) 39. Qd4 {[%csl Gh5][%cal Rd4g7]} Rxf3+ 40. Ke1 Re3+ (40... gxh5 $142 41. Rg1 Rg3 42. Rxg3 Qxg3+ 43. Kd2 Qg2+ 44. Ke1 Qf3 45. Qg1+ Kf7 46. Qa7+ Kf6) 41. Kf2 $1 {[%csl Gh5][%cal Rd4g7]} Rf3+ 42. Ke1 {[%csl Gh5][%cal Rd4g7]} gxh5 {Accuracy: White = 55%, Black = 43%.} 0-1

[Event "ROU-chT Men Superliga 2018"]
[Site "Sovata"]
[Date "2018.11.30"]
[Round "7"]
[White "Ionescu, Constantin"]
[Black "Vrencian, Lehel"]
[Result "1/2-1/2"]
[WhiteElo "2432"]
[BlackElo "2321"]
[Annotator "TA"]
[PlyCount "47"]
[EventDate "2018.11.24"]
[EventType "team-tourn"]
[EventCountry "ROU"]
[SourceTitle "playchess.com"]
[Source "ChessBase"]
[SourceQuality "1"]

{[%evp 14,47,27,22,47,43,36,17,23,16,37,12,14,22,51,54,45,19,24,0,0,0,0,0,0,-12,-19,-29,-15,-19,0,0,0,0,-6,-22]} 1. d4 d5 2. Nf3 Nf6 3. c4 dxc4 4. e3 e6 5. Bxc4 a6 6. O-O Nbd7 7. b3 c5 8. Bb2 {LiveBook: 49 Games} Bd6 {D27: Queen's Gambit Accepted: Classical main line: 7 e4!? and 7 a4} (8... b5 9. Be2 Bb7 10. a4 b4 11. Nbd2 Be7 12. Rc1 O-O 13. dxc5 Bxc5 14. Ne5 Rc8 15. Bf3 Nd5 16. Nxd7 Qxd7 17. Nc4 Qe7 18. Qe2 Ba7 19. g3 Bb8 {½-½ (58) Aronian,L (2793)-Caruana,F (2808) Stavanger 2017}) 9. Nbd2 b5 $146 ({Predecessor:} 9... O-O 10. Re1 b5 11. Bf1 cxd4 12. Nxd4 Bb7 13. a4 bxa4 14. bxa4 Qb8 15. h3 Ne4 16. Nxe4 Bxe4 17. Ba3 Bxa3 18. Rxa3 {1-0 (42) Malaniuk,V (2540)-Donchenko,A (2385) Moscow 1992}) 10. Bd3 Bb7 11. a4 b4 12. Rc1 cxd4 13. Nxd4 Ne5 14. Be2 O-O 15. N4f3 Qb8 16. Nxe5 Bxe5 17. Bxe5 Qxe5 18. Bf3 Nd5 19. Nc4 Qg5 {...Nc3 is the strong threat.} 20. Qe1 Rad8 21. Nb6 {The position is equal.} Nxb6 22. Bxb7 a5 23. Qe2 Nd5 24. Bxd5 {Accuracy: White = 45%, Black = 52%.} 1/2-1/2

[Event "ROU-chT Men Superliga 2018"]
[Site "Sovata"]
[Date "2018.11.30"]
[Round "7"]
[White "Anton, Teodor"]
[Black "Vajda, Levente"]
[Result "1-0"]
[WhiteElo "2431"]
[BlackElo "2547"]
[Annotator "TA"]
[PlyCount "89"]
[EventDate "2018.11.24"]
[EventType "team-tourn"]
[EventCountry "ROU"]
[SourceTitle "playchess.com"]
[Source "ChessBase"]
[SourceQuality "1"]

{[%evp 33,89,16,13,12,9,12,33,29,32,16,18,27,14,9,27,23,41,8,8,12,22,8,48,30,47,55,87,74,166,169,139,151,150,85,87,87,85,85,89,89,84,83,83,83,128,93,112,106,134,131,202,218,418,405,414,412,593,585]} 1. Nf3 Nf6 2. g3 d5 3. Bg2 e6 4. d4 Be7 5. c4 O-O 6. O-O dxc4 7. Qc2 a6 8. a4 Bd7 9. Rd1 Bc6 10. Nc3 Bxf3 11. Bxf3 Nc6 12. Bxc6 bxc6 13. a5 Rb8 {E05: Open Catalan: 5 Nf3 Be7} 14. Qa4 Rb4 15. Qxc6 Qd6 16. Qf3 Nd5 17. e4 Nxc3 {LiveBook: 3 Games} 18. bxc3 $146 ({Predecessor:} 18. Qxc3 Qc6 19. d5 exd5 20. exd5 Qb5 21. Bf4 {½-½ (36) Westerberg,J (2397)-Lysyj,I (2666) Warsaw 2013}) 18... Rb3 19. Bf4 {[%cal Bc1f4,Bf4e5,Be5d4,Bd4b6][%mdl 32]} Qd7 20. d5 Bb4 21. Be5 exd5 22. Rxd5 Qe6 $1 23. Bd4 c6 24. Re5 $40 {[%mdl 128] Black needs to defend precisely.} Qd6 {[#] ...Qxd4! is the strong threat.} 25. Rf5 {aiming for Qg4.} g6 $1 {[%cal Rg6f5]} 26. Rf6 Qc7 $1 {Threatens to win with ...c5.} 27. Rf4 Bd6 28. Bb6 Qe7 29. e5 $1 {[%cal Re5d6]} Bxe5 30. Rxc4 Qf6 (30... c5 $16 {was called for.}) 31. Qxf6 $18 Bxf6 32. Rxc6 Bxc3 33. Rc1 (33. Rd1 $142) 33... Bd2 $16 34. R1c2 Rd3 35. Kf1 {Strongly threatening Ke2.} Rd5 36. R2c5 Rxc5 37. Bxc5 {[%mdl 4096] Endgame KRB-KRB} Ra8 38. Bb6 h5 39. Rc7 Bb4 {[#]} 40. Ke2 $1 Bd6 41. Rd7 Re8+ (41... Bb4 $16 {might work better.}) 42. Kd3 $18 Re6 $2 (42... Bb8 {keeps fighting.} 43. f4 Rc8) 43. Ra7 Kg7 44. Rxa6 Bc5 (44... Be5 $142 45. Ra8 h4) 45. Kc4 {Precision: White = 81%, Black = 37%.} 1-0

[Event "ROU-chT Men Superliga 2018"]
[Site "Sovata"]
[Date "2018.11.30"]
[Round "7"]
[White "David, Alexandru-Vasile"]
[Black "Ogleznev, Alexandr"]
[Result "1/2-1/2"]
[WhiteElo "2426"]
[BlackElo "2333"]
[Annotator "TA"]
[PlyCount "148"]
[EventDate "2018.11.24"]
[EventType "team-tourn"]
[EventCountry "ROU"]
[SourceTitle "playchess.com"]
[Source "ChessBase"]
[SourceQuality "1"]

{[%evp 29,148,7,0,-37,0,0,15,0,0,-17,-12,-21,-13,-21,-2,-7,0,-74,-27,-24,-30,-114,-20,-37,-37,-46,-46,-33,-35,-46,-35,-42,-39,-68,-6,-6,-6,-6,0,0,0,0,0,0,0,-20,-20,-20,-20,-88,-88,-108,-113,-160,-160,-166,-166,-166,-166,-166,-166,-12829,-12827,-12835,-12834,-12834,-12835,-12833,-1703,-12840,-12840,-12840,-12835,-12838,-12839,-12839,-12840,-12840,0,0,0,0,0,0,0,0,0,0,0,0,0,0,0,0,0,0,0,0,0,0,0,0,0,0,0,0,0,0,0,0,0,0,0,0,0,0,0,0,0,0,0]} 1. e4 c6 2. d4 d5 3. exd5 cxd5 4. Bd3 Nc6 5. c3 Nf6 6. Bf4 Bg4 7. Qb3 Qc8 8. Nd2 e6 9. Ngf3 Be7 10. O-O O-O 11. Rfe1 Bh5 12. h3 {B13: Caro-Kann: Exchange Variation and Panov-Botvinnik Attack} (12. g3 Bg6 13. Bxg6 hxg6 14. h4 Re8 15. Kg2 Nh5 16. Be3 b5 17. a3 a5 18. Qd1 b4 19. a4 Rb8 {0-1 (63) Giri,A (2782)-Mamedyarov,S (2801) chess.com INT 2018}) 12... Bg6 13. Bxg6 hxg6 14. Ne5 Nxe5 15. Bxe5 Qc6 {[#] LiveBook: 8 Games} 16. Bxf6 $146 ({Predecessor:} 16. a4 Rfc8 17. Bf4 Bd6 18. Bxd6 Qxd6 19. Qd1 Qb6 20. Ra2 Rc6 21. Nf3 Nd7 {½-½ (38) Burg,T (2511)-Braun,A (2574) Netherlands 2018}) 16... Bxf6 17. a4 Rfc8 18. g3 Rab8 19. Reb1 a6 20. a5 b5 21. axb6 Rxb6 22. Qa3 Rcb8 23. h4 (23. Nf3 $11) 23... e5 24. dxe5 Bxe5 25. Nf3 {[#]} (25. Qa4 $11) 25... Bf6 (25... Bxc3 $1 $17 {[%mdl 512]} 26. Rc1 {[%mdl 64] Pin} (26. Qxc3 Qxc3) 26... Rb3) 26. Qa4 Qxa4 27. Rxa4 {[#]} Bxc3 $1 {[%mdl 512]} 28. Rd1 (28. bxc3 Rxb1+) 28... Bxb2 29. Rxd5 Bf6 30. Rd7 Ra8 31. Ra5 Kf8 ({Black should play} 31... Bc3 $15 32. Rad5 f6) 32. Ng5 $1 $11 Bxg5 33. hxg5 Rb5 34. Rxb5 $1 axb5 {[%mdl 4096] Endgame KR-KR} 35. Rb7 Ra1+ 36. Kg2 Rb1 37. Rb8+ Ke7 38. Rb7+ Ke6 39. Rb6+ (39. Kf3 $11 {keeps the balance.}) 39... Kf5 $17 40. Rb7 f6 41. gxf6 gxf6 42. Kf3 g5 43. g4+ Ke5 44. Rb6 Rb3+ 45. Kg2 $2 (45. Ke2) 45... b4 $19 {[%cal Bb5b4,Bb4b3][%mdl 32]} 46. Kh2 Rb1 47. Kg3 b3 48. Kg2 Kd4 49. Rxf6 Rc1 50. Rb6 Rc3 51. Rb8 Kc4 52. f3 Rc2+ 53. Kg3 {[#]} Rd2 $2 (53... b2 $1 $19 54. Rb7 Rd2) 54. Rc8+ $11 {The position is equal.} Kb4 55. Rb8+ Kc3 56. Rc8+ Kd3 57. f4 $1 b2 58. Rb8 Kc4 {White must now prevent ...Rd3+.} 59. Rc8+ $1 Kb3 60. Rb8+ Kc2 {[#] And now ...Rd3+ would win.} 61. Rxb2+ $1 {[%mdl 512]} Kxb2 62. fxg5 {KR-KPP} Kc3 63. Kf4 Kd4 64. g6 {Threatens to win with g7.} Ra2 65. g7 Ra8 66. Kf5 Ke3 67. g5 Kf3 68. g6 Kg3 69. Kg5 Kf3 70. Kh6 {Kh7 is the strong threat.} Kf4 71. Kh7 Kf5 72. g8=Q Rxg8 73. g7 {[#]} Rxg7+ $1 {[%mdl 512]} 74. Kxg7 Ke5 {Accuracy: White = 50%, Black = 66%.} 1/2-1/2